Statystyki dla Wszyscy raperzy którzy wystąpili w młodych wilkach

Kliknij tutaj aby rozwiązać quiz!

Ogólne statystyki

  • Ten quiz został rozwiązany 77 razy
  • Średni wynik to 26 z 94

Statystyki odpowiedzi

% Poprawnych
Bedoes
92%
White 2115
85%
Białas
79%
ReTo
79%
Żabson
69%
Jan-rapowanie
68%
Oki
66%
Chivas
63%
Qry
63%
Smolasty
63%
Tymek
58%
Młode Wilki 6 (2018)Zeamsone
56%
Kara
52%
PlanBe
52%
AdMa
50%
Młode Wilki 4 (2015)Guzior
48%
Otsochodzi
48%
ZetHa
48%
Bober
45%
Janusz Walczuk
44%
Floral Bugs
39%
Koza
39%
Sarius
39%
Szymi Szyms
39%
Wac Toja
37%
Gedz
35%
Młode Wilki 7 (2019)Opał
35%
Feno
32%
FROSTI/Frosti Rege
31%
Hodak
31%
Anatom
29%
Kamil Pivot
29%
Kuban
29%
Lipa
29%
Siles
29%
Cukier
27%
Gverilla
27%
Kękę
27%
Leh [*]
27%
Przyłu
27%
TomB
27%
be vis
26%
Tymin
26%
Duchu
24%
Młode Wilki 5 (2016/17)Emes Milligan
24%
Młode Wilki 8 (2021)rip scotty
24%
Berson
23%
karian
23%
Bisz
21%
Fejz/fejzjestm
21%
Miły ATZ
21%
Kuba Knap
19%
Młode Wilki (2011)Medium/Tau
19%
The Blu Mantic
19%
Młode Wilki 2013Zioło [*]
19%
Bonson
18%
Pater
18%
Śliwa
18%
ZERO
18%
Bokun
16%
Augustyn
15%
Barto'cut12/Barto Katt
15%
Mam Na Imię Aleksander
15%
Michał Tomasik
15%
Buka
13%
Vixen/Vix.N
13%
2sty
11%
Golin
11%
Gonix
11%
Gospel
11%
Nieznanyklarenz
11%
Tusz Na Rękach
11%
Diset
10%
Green
10%
Młode Wilki 2012Haju
10%
JNR
10%
LJ Karwel
10%
Ńemy
10%
Rudi
10%
Dejan
8%
Jasiek MBH
8%
Kaiteu
8%
Żyt Toster
8%
Bonez
6%
Praktis
6%
Rekord
6%
Shot
6%
Supran
6%
Wiciu
6%
Beeres
5%
Biak
5%
Bogu
5%
Jopel
3%
Szuwar
3%

Rozkład punktacji

Percentyl według liczby udzielonych odpowiedzi

Procent ludzi z każdym wynikiem

Twoja historia wyników

Nie rozwiązałeś tego quizu